Survey (Record no. 82157)
[ view plain ]
| 000 -LEADER | |
|---|---|
| fixed length control field | 01198cam a22002175a 4500 |
| 001 - CONTROL NUMBER | |
| control field | L149362 |
| 008 - FIXED-LENGTH DATA ELEMENTS--GENERAL INFORMATION | |
| fixed length control field | 100224e2010 xxk 000 0 eng d |
| 035 ## - SYSTEM CONTROL NUMBER | |
| System control number | (Sirsi) u149362 |
| 041 0# - LANGUAGE CODE | |
| Language code of text/sound track or separate title | eng |
| 110 2# - MAIN ENTRY--CORPORATE NAME | |
| Corporate name or jurisdiction name as entry element | EuroProperty |
| 9 (RLIN) | 1216 |
| 245 00 - TITLE STATEMENT | |
| Title | Survey |
| Remainder of title | Benelux |
| 260 ## - PUBLICATION, DISTRIBUTION, ETC. | |
| Date of publication, distribution, etc. | 2010 |
| 490 ## - SERIES STATEMENT | |
| Series statement | EuroProperty |
| Volume/sequential designation | 1 February 2010,21-25(5) |
| 520 ## - SUMMARY, ETC. | |
| Summary, etc. | Lower valuations have not triggered an influx of distressed sales in the Dutch commercial property market and many forecast yields falling for prime Dutch office assets. Dutch banks are not responsible for the moribund state of the Netherlands property market, rather sellers' price expectations remain high. Brussels office market stays weak with an official 11% vacancy rate and waning public sector demand. Investors have sought refuge in retail in the face of occupier uncertainty in the office sector. Luxembourg's office market will continue to be tough for the next 12 months but the outlook for commercial real estate investment is brightening. |
| 590 ## - LOCAL NOTE (RLIN) | |
| Local note | KA |
| 651 #4 - SUBJECT ADDED ENTRY--GEOGRAPHIC NAME | |
| Geographic name | Belgium |
| 651 4# - SUBJECT ADDED ENTRY--GEOGRAPHIC NAME | |
| Geographic name | Netherlands |
| 651 #4 - SUBJECT ADDED ENTRY--GEOGRAPHIC NAME | |
| Geographic name | Luxembourg |
| 690 ## - LOCAL SUBJECT ADDED ENTRY--TOPICAL TERM (OCLC, RLIN) | |
| Topical term or geographic name as entry element | PROPERTY-COMMERCIAL PROPERTY-COMMERCIAL PROPERTY FINANCE AND INVESTMENT |
| 942 ## - ADDED ENTRY ELEMENTS (KOHA) | |
| Suppress in OPAC | 0 |
| Withdrawn status | Lost status | Source of classification or shelving scheme | Damaged status | Not for loan | Home library | Current library | Shelving location | Date acquired | Total Checkouts | Full call number | Barcode | Date last seen | Copy number | Price effective from | Koha item type |
|---|---|---|---|---|---|---|---|---|---|---|---|---|---|---|---|
| Dewey Decimal Classification | London | London | Journal article | 24/02/2010 | L149362 | 149362-1001 | 06/08/2019 | 1 | 06/08/2019 | Journal article |